000 00885nam a22002897a 4500
003 CHAP
005 20220329140739.0
008 971013s1960 r 00010 d
010 _a56963
011 _a57935
035 _a62090
040 _cCHAP
082 _a581.4
_bS55
100 0 0 _aSinnott, Edmund Ware.
_9106661
245 _aPlant morphogenesis
260 _aNew York :
_bMcGraw-Hill,
_c1960
300 _a550 p.
_b: ilus.
590 _aBATCH-UPD
_b10
_c20130110
_lUCH01
_h1338
590 _aBATCH-UPD
_b10
_c20130410
_lUCH01
_h0840
590 _aBATCH-UPD
_b10
_c20130914
_lUCH01
_h1831
590 _aCONVERSION
_b10
_c20130109
_lUCH01
_h1331
650 1 4 _aMorfologĂ­a vegetal.
_978772
901 _aBK
942 _cLIBRO
949 _a581.4 S55
_bBC
_cLIBRO
_d33724000539904
_eLIBRO
_fc.2
_h9429
_i62090
_si
949 _a581.4 S55
_bBC
_cLIBRO
_d33724000539912
_eLIBRO
_h26779
_i62090
_si
999 _c56963
_d56963